Football Clubs and National Teams by Nickname - Statistics

General Stats
  • This quiz has been taken 81 times
  • The average score is 20 of 34
Answer Stats
Nickname Football Club % Correct
Football Club The Red Devils Manchester United
96%
Football Club The Reds Liverpool
90%
Football Club The Blues Chelsea
85%
Football Club The Gunners Arsenal
84%
Football Club Los Blancos Real Madrid
84%
Football Club The Citizens Manchester City
81%
National Team Les Bleus France
76%
National Team The Three Lions England
75%
National Team Oranje Netherlands
75%
Football Club The Hammers / The Irons West Ham United
75%
Football Club The Toffees Everton
72%
National Team Die Mannschaft Germany
72%
Football Club Die Borussen Borussia Dortmund
71%
Football Club The Old Lady Juventus
69%
Football Club Rossoneri AC Milan
68%
National Team Azzurri Italy
66%
National Team Seleção Brazil
63%
Football Club The Saints Southampton
59%
National Team La Furia Roja Spain
59%
National Team Socceroos Australia
54%
National Team The Yanks United States
54%
Football Club The Magpies Newcastle United
53%
Football Club l'OM Marseille
51%
Football Club Os Dragões FC Porto
44%
National Team Bafana Bafana South Africa
43%
National Team Albiceleste Argentina
41%
National Team Les Éléphants Ivory Coast
40%
National Team Super Eagles Nigeria
38%
National Team All Whites New Zealand
34%
Football Club FC Hollywood FC Bayern Munich
28%
National Team Black Stars Ghana
26%
National Team El Tri Mexico
26%
National Team Les Lions Indomptables Cameroon
25%
Football Club Farmers PSV Eindhoven
6%
No matching quizzes found
Score Distribution
Percent of People with Each Score
Percentile by Number Answered
Your Score History
You have not taken this quiz